000
00231nam a2200097Ia 4500
001
679679
005
20250826161100.0
008
250824s9999 xx 000 0 und d
245
0
_a
15
_c
MÜREN BEYKAN
260
_b
GÜNIŞIĞI YAYINLARI
999
_c
679679
_d
679679